National Rugby Teams at the 2024 Olympics - Statistics

General Stats
  • This quiz has been taken 39 times
  • The average score is 13 of 16
Answer Stats
Team Answer % Correct
Both Australia
97%
Both New Zealand
97%
Both United States
97%
Both France
95%
Both Fiji
89%
Women Great Britain
89%
Men Argentina
87%
Both Ireland
87%
Women Canada
84%
Both Japan
84%
Both South Africa
82%
Women China
71%
Men Samoa
71%
Women Brazil
68%
Men Uruguay
55%
Men Kenya
50%
No matching quizzes found
Score Distribution
Percent of People with Each Score
Percentile by Number Answered
Your Score History
You have not taken this quiz